Subdivisions Bordering Algeria - Statistics

General Stats
  • This quiz has been taken 6 times
  • The average score is 4 of 19
Answer Stats
Country Answer % Correct
Niger Agadez
100%
Tunisia Kasserine
50%
Morocco Oriental
50%
Mali Taoudénit
50%
Tunisia Tataouine
50%
Mauritania Tiris Zemmour
50%
Morocco Drâa-Tafilalet
0%
Tunisia Gafsa
0%
Libya Ghat
0%
Morocco Guelmim-Oued Noun
0%
Tunisia Jendouba
0%
Tunisia Kebili
0%
Tunisia Kef
0%
Mali Kidal
0%
Libya Murzuq
0%
Libya Nalut
0%
Morocco Souss-Massa
0%
Tunisia Tozeur
0%
Libya Wadi al Shatii
0%
No matching quizzes found
Score Distribution
Percent of People with Each Score
Percentile by Number Answered
Your Score History
You have not taken this quiz